| 000 | 00978nac a22002171u 4500 | ||
|---|---|---|---|
| 008 | 100922t xxu||||| |||| 00| 0 eng d | ||
| 010 | _a 2002041021 | ||
| 022 | _a0619215615 | ||
| 082 | 0 | 0 |
_a658.4038 _bSTA |
| 100 |
_aStair, Ralph M. _919793 |
||
| 245 | 1 | 0 |
_aPrinciples of Information Systems : _bA Managerial Approach / _cRalph M. Stair, George W. Reynolds. |
| 250 | _a7th ed. | ||
| 260 |
_aThomson : _bThomson/Course Technology, _cc2006. |
||
| 300 |
_a758p. : _bcol. ill. ; _c29 cm. |
||
| 504 | _aIncludes bibliographical references and index. | ||
| 650 | 0 |
_aManagement information systems. _919794 |
|
| 700 | 1 |
_aReynolds, George Walter, _d1944- _919795 |
|
| 942 |
_cBB _k658.4038 STA _2ddc |
||
| 999 |
_c4126 _d4126 |
||